PCD miejscowości - Statystyki

Ogólne statystyki
  • Ten quiz został rozwiązany 39 razy
  • Średni wynik to 15 z 17
Statystyki odpowiedzi
Odpowiedź % Poprawnych
Darłowo
100%
Grzybno
100%
Sławno
100%
Malechowo
95%
Bobrowice
91%
Bobrowiczki
91%
Krupy
91%
Rusko
91%
Sęczkowo
91%
Stary Jarosław
91%
Domasławice
86%
Słowino
86%
Karwice
77%
Malechówko
77%
Pątnowo
77%
Smardzewo
77%
Darłowiec
73%
Nie znaleziono quizów pasujących do podanych kryteriów
Rozkład punktacji
Procent ludzi z każdym wynikiem
Percentyl według liczby udzielonych odpowiedzi
Twoja historia wyników
Nie rozwiązałeś tego quizu